000
nam a22 7a 4500
999
_c
54135
_d
54135
003
OSt
005
20220729104848.0
008
220729b xxu||||| |||| 00| 0 eng d
040
_c
IIMT UNIVERSTY
100
_a
GEETA PRESS GORAKHPUR
245
_a
KALYAN
260
_b
GEETA PRESS
300
_a
488
942
_2
ddc
_c
09